000
00262nam a2200097Ia 4500
001
990737
005
20250826221316.0
008
250824s9999 xx 000 0 und d
245
0
_a
KRAL ŞAKİR/MACERA ADASI/T1
_c
HALUK CAN DİZDAROĞLU
260
_b
İKİ A YAYINCILIK
999
_c
990737
_d
990737